000 00628nam a2200205 i 4500
001 95399
003 ES-MaACL
005 20250805063251.0
007 t|
008 050527s1982 sp ||||1| spa d
100 1 _aLlarch, Joan,
_d1920-1987
_972722
245 1 0 _aGaudí
_b: biografía mágica /
_cJoan Llarch.
260 _aEsplugues de Llobregat :
_bPlaza & Janés,
_c1982.
300 _a248 p., 4 lám. :
_bil. ;
_c19 cm.
490 1 _aLa vida es río
600 1 4 _aGaudí, Antoni,
_d1852-1926
_955994
830 0 _aLa vida es río
_9181855
852 _aES-MaACL
_jL-1906
_bR.102634
999 _c95399
_d95399